000
00331nam a2200145Ia 4500
008
230917s9999||||xx |||||||||||||| ||und||
040
_e
137873
_a
MAIN
041
_a
English
082
_a
658.8 IC2I
100
_a
ICFAI
245
0
_a
Industrial marketing
260
_a
Hyderabad
_b
ICFAI
_c
2006
300
_a
465p p.
942
_c
BK
999
_c
147856
_d
147856